UITU Library & LRC     

Novel Algorithm on Data Encryption (Record no. 33569)

MARC details
000 -LEADER
fixed length control field 00494nam a2200133Ia 4500
008 - FIXED-LENGTH DATA ELEMENTS--GENERAL INFORMATION
fixed length control field 260210s9999 xx 000 0 und d
024 ## - OTHER STANDARD IDENTIFIER
Standard number or code 07B-046-TE, 07B-050-TE, 07B-049-TE & 07B-042-TE
082 ## - DEWEY DECIMAL CLASSIFICATION NUMBER
Classification number 621.3822072 RIA
100 ## - MAIN ENTRY--PERSONAL NAME
Personal name Asad Raiz, Syed Faizan Ahmed Yahya, Mohammad Ammad Qadri & Mohammad Zohaib Hassan
245 #0 - TITLE STATEMENT
Title Novel Algorithm on Data Encryption
260 ## - PUBLICATION, DISTRIBUTION, ETC.
Place of publication, distribution, etc. Karachi:
Name of publisher, distributor, etc. UITU,
Date of publication, distribution, etc. 2007
600 ## - SUBJECT ADDED ENTRY--PERSONAL NAME
Personal name Telecommunication Engineering
650 ## - SUBJECT ADDED ENTRY--TOPICAL TERM
Topical term or geographic name entry element Bachelor of Engineering (BE)

No items available.

Powered by Koha